00615nam a2200157 i 4500001000700000003000900007005001700016008004100033100003000074245010500104260008600209300002100295490006000316830006000376852002100436184557ES-MaACL20240529062954.0151022s1963 uy |||| | spa d1 aVega, Lope de,d1562-163510aFuenteovejuna ; Peribáñez y el comendador de Ocaña ; El caballero de Olmedo / cLope de Vega. aMontevideo : bMinisterio de Instrucción Pública y Previsión Social,c1963. a230 p ; c20 cm.1 aColección de Autores de la Literatura Universal ; v10 aColección de Autores de la Literatura Universal ; v1 aES-MaACLjE-9997